NBA Players with 20k Points, 5k rebounds and 5k Assists - Statistics

General Stats
  • This quiz has been taken 43 times
  • The average score is 12 of 16
Answer Stats
Pts, Reb, Ast Answer % Correct
38,652, 10,667, 10,420 LeBron James
100%
24,693, 5,648, 7,015 James Harden
93%
32,292, 6,672, 5,633 Michael Jordan
88%
25,192, 5,376, 6,238 Jerry West
85%
33,643, 7,047, 6,306 Kobe Bryant
85%
36,928, 14,968, 5,248 Karl Malone
83%
24,457, 7,964, 9,162 Russell Westbrook
83%
26,395, 8,007, 6,114 John Havlicek
80%
38,387, 17,440, 5,660 Kareem Abdul-Jabbar
80%
21,791, 8,974, 5,695 Larry Bird
78%
20,407, 5,059, 5,001 Joe Johnson
73%
26,710, 7,804, 9,887 Oscar Robertson
65%
21,755, 5,457, 11,501 Chris Paul
58%
26,071, 14,662, 5,445 Kevin Garnett
53%
22,195, 6,677, 6,125 Clyde Drexler
38%
21,813, 5,269, 8,966 Gary Payton
23%
No matching quizzes found
Score Distribution
Percent of People with Each Score
Percentile by Number Answered
Your Score History
You have not taken this quiz